Tunisian players in European Big Five (2000-) - Statistics

General Stats
  • This quiz has been taken 24 times
  • The average score is 11 of 80
Answer Stats
Ranking Player Positions Nationality Matches Goals (assists) Periods Clubs % Correct
1 Wahbi Khazri MF, FW 354 78 (36) 2012-2025
86%
2 Ellyes Skhiri MF 298 30 (16) 2014-2025
68%
56 Hannibal Mejbri MF, FW 14 1 (0) 2020-2021, 2023-2024
64%
7 Yohan Benalouane DF 176 4 (1) 2007-2018
45%
25 Yan Valery DF 73 2 (1) 2018-2023
41%
17 Dylan Bronn DF 105 3 (2) 2019-2024
36%
46 Hatem Trabelsi DF 20 1 (1) 2006-2007
36%
30 Montassar Talbi DF 63 1 (2) 2022-2024
36%
39 Aïssa Laïdouni MF 38 2 (3) 2015-2016, 2022-2024
32%
5 Karim Haggui DF 215 13 (1) 2004-2014
32%
31 Radhi Jaïdi DF 61 8 (3) 2004-2005, 2007-2008
32%
11 Saîf-Eddine Khaoui DF, MF, FW 147 18 (7) 2016-2023
32%
53 Anis Ben Slimane MF 15 0 (0) 2023-2024
27%
10 Aymen Abdennour DF 150 3 (2) 2009-2010, 2011-2018
27%
15 Mehdi Nafti MF 119 3 (3) 2000-2001, 2002-2005, 2007-2008
27%
16 Sami Allagui MF, FW 108 26 (6) 2010-2011, 2013-2014, 2016-2017
27%
43 Ali Abdi DF, MF 25 5 (2) 2024-2025
23%
49 Elias Saad MF, FW 18 3 (2) 2024-2025
23%
22 Naïm Sliti MF, FW 82 11 (12) 2016-2019
23%
42 Zoubeir Baya MF 28 5 (3) 2000-2001
23%
48 Amine Chermiti FW 19 0 (1) 2008-2009, 2015-2016
14%
52 Ammar Jemal DF 16 1 (0) 2011-2013
14%
18 Änis Ben-Hatira MF 101 15 (10) 2006-2008, 2010-2011, 2013-2017
14%
68 Assil Jaziri FW 3 0 (0) 2018-2019
14%
33 Bassem Srarfi MF, FW 56 4 (0) 2016-2020
14%
57 Ferjani Sassi DF, MF 13 1 (1) 2014-2015
14%
8 Francileudo Santos FW 160 39 (14) 2001-2009
14%
37 Hamza Rafia MF 46 1 (0) 2023-2025
14%
14 Issam Jemâa MF, FW 126 22 (6) 2005-2007, 2009-2012
14%
47 Mohamed Dräger DF, MF, FW 20 1 (3) 2017-2018, 2019-2020
14%
35 Mouez Hassen GK 49 0 (0) 2013-2016
14%
24 Oussama Haddadi DF, MF 78 3 (5) 2016-2019
14%
32 Selim Benachour MF 60 3 (4) 2001-2004, 2009-2010
14%
51 Wajdi Kechrida DF, MF 17 0 (1) 2021-2022
14%
38 Ziad Jaziri FW 44 6 (3) 2005-2007
14%
4 Alaeddine Yahia DF 216 9 (1) 2001-2010, 2014-2017
9%
6 Chaouki Ben Saada MF, FW 190 17 (16) 2001-2004, 2008-2010, 2015-2016, 2017-2018
9%
12 Fahid Ben Khalfallah MF, FW 145 10 (19) 2008-2014
9%
66 Fakhreddine Ben Youssef MF, FW 6 0 (0) 2014-2015
9%
27 Jawhar Mnari MF 70 4 (1) 2005-2007, 2009-2010
9%
60 José Clayton DF 13 0 (0) 2000-2001
9%
55 Mohamed Haj MF 15 1 (2) 2024-2025
9%
21 Saber Khalifa FW 84 18 (9) 2011-2014
9%
40 Syam Ben Youssef DF 35 3 (1) 2015-2017
9%
80 Tijani Belaïd MF 1 0 (0) 2004-2005
9%
23 Yassin Mikari DF, MF 82 3 (3) 2008-2013
9%
73 Abdelkader Oueslati DF, FW 1 0 (0) 2012-2013
5%
34 Adel Sellimi FW 51 15 (1) 2000-2002
5%
62 Ali Boumnijel GK 10 0 (0) 2000-2003
5%
67 Ali Mathlouthi FW 3 0 (0) 2007-2008
5%
70 Anis Ayari DF 2 0 (0) 2006-2007
5%
75 Chaim El Djebali MF 1 0 (0) 2023-2024
5%
3 David Jemmali DF 219 4 (9) 2000-2010
5%
58 Hamdi Kasraoui GK 13 0 (0) 2009-2011
5%
36 Hamed Namouchi MF 48 3 (1) 2006-2010
5%
76 Hocine Ragued MF 1 0 (0) 2005-2006
5%
71 Issam Ben Khémis MF 2 0 (0) 2016-2017
5%
13 Jamel Saihi MF 133 1 (2) 2009-2017
5%
44 Jeremy Dudziak DF, MF, FW 25 2 (1) 2014-2015, 2021-2022
5%
77 Jibril Othman FW 1 0 (0) 2024-2025
5%
64 Karim Saidi DF 9 0 (0) 2005-2006
5%
28 Yoann Touzghar FW 68 12 (1) 2014-2015, 2021-2023
5%
26 Adel Chedli MF 70 0 (7) 2001-2006
0%
74 Ali Zitouni MF, FW 1 0 (0) 2005-2006
0%
20 Fabien Camus MF 88 12 (4) 2003-2004, 2012-2013, 2014-2016
0%
59 Haykel Guemamdia FW 13 0 (0) 2005-2006
0%
54 Iheb Mbarki DF, MF 15 0 (1) 2012-2013
0%
63 Imed Mhedhebi MF, FW 10 0 (1) 2005-2007
0%
45 Karim Laribi MF, FW 21 0 (1) 2013-2014, 2015-2016
0%
72 Larry Azouni MF 2 0 (0) 2013-2014
0%
29 Lassad Nouioui FW 66 10 (1) 2008-2011
0%
61 Mohamed Gouaida MF 12 0 (0) 2014-2015, 2017-2018
0%
41 Mohamed Larbi MF 30 8 (3) 2015-2016
0%
69 Mootaz Zemzemi MF, FW 3 0 (0) 2018-2020
0%
19 Nabil Taïder MF 95 3 (6) 2003-2007
0%
78 Nejmeddin Daghfous MF, FW 1 0 (0) 2012-2013
0%
50 Saber Ben Frej DF 17 0 (0) 2007-2010
0%
79 Salim Khelifi MF, FW 1 0 (0) 2013-2014
0%
9 Sofian Chahed DF, MF 152 6 (7) 2003-2004, 2005-2013
0%
65 Zouheir Dhaouadi MF, FW 8 1 (0) 2012-2013
0%
No matching quizzes found
Score Distribution
Percent of People with Each Score
Percentile by Number Answered
Your Score History
You have not taken this quiz